山口県の市町村 (2000年) - Statistics

General Stats
  • This quiz has been taken 50 times
    39 since last reset
  • The average score is 41 of 56
Answers on the Map
Answers color-coded by a green-red scale on the quiz's map according to % correct below.
 
Answer Stats
ヒント 市町村名 % Correct
下関市しものせきし
100%
宇部市うべし
100%
山口市やまぐちし
100%
萩市はぎし
100%
徳山市とくやまし
100%
防府市ほうふし
100%
岩国市いわくにし
100%
小野田市おのだし
100%
光市ひかりし
100%
長門市ながとし
100%
美祢市みねし
100%
熊毛郡 上関町かみのせきちょう
100%
厚狭郡 山陽町さんようちょう
100%
下松市くだまつし
95%
柳井市やないし
95%
新南陽市しんなんようし
95%
阿武郡 阿武町あぶちょう
95%
熊毛郡 平生町ひらおちょう
91%
大島郡 大島町おおしまちょう
86%
玖珂郡 和木町わきちょう
86%
玖珂郡 錦町にしきちょう
86%
熊毛郡 田布施町たぶせちょう
86%
玖珂郡 玖珂町くがちょう
82%
吉敷郡 小郡町おごおりちょう
82%
豊浦郡 豊田町とよたちょう
82%
豊浦郡 豊浦町とようらちょう
77%
美祢郡 秋芳町しゅうほうちょう
77%
美祢郡 美東町みとうちょう
73%
熊毛郡 熊毛町くまげちょう
68%
佐波郡 徳地町とくぢちょう
68%
豊浦郡 豊北町ほうほくちょう
68%
阿武郡 阿東町あとうちょう
68%
阿武郡 むつみそん
68%
吉敷郡 秋穂町あいおちょう
64%
吉敷郡 阿知須町あじすちょう
64%
阿武郡 田万川町たまがわちょう
64%
豊浦郡 菊川町きくがわちょう
59%
大津郡 三隅町みすみちょう
59%
大津郡 日置町へきちょう
59%
阿武郡 旭村あさひそん
59%
玖珂郡 由宇町ゆうちょう
55%
玖珂郡 周東町しゅうとうちょう
55%
阿武郡 須佐町すさちょう
55%
大島郡 橘町たちばなちょう
50%
玖珂郡 大畠町おおばたけちょう
50%
都濃郡 鹿野町かのちょう
50%
厚狭郡 楠町くすのきちょう
50%
大津郡 油谷町ゆやちょう
50%
玖珂郡 美川町みかわちょう
41%
大島郡 久賀町くかちょう
36%
玖珂郡 本郷村ほんごうそん
36%
熊毛郡 大和町やまとちょう
36%
阿武郡 川上村かわかみそん
36%
阿武郡 福栄村ふくえそん
36%
大島郡 東和町とうわちょう
32%
玖珂郡 美和町みわちょう
32%
No matching quizzes found
Score Distribution
Percent of People with Each Score
Percentile by Number Answered
Your Score History
You have not taken this quiz since the last reset